Автоматизированная информационно-измерительная система учета и контроля электроэнергии ИИСЭ1-48 (Запись № 7924887)

Подробности
000 -МАРКЕР
контрольное поле 02224nam0a22003131 4500
001 - ИДЕНТИФИКАТОР ЗАПИСИ
контрольное поле rc\1103544
005 - ИДЕНТИФИКАТОР ВЕРСИИ
контрольное поле 20260408074233.0
035 ## - ДРУГИЕ СИСТЕМНЫЕ НОМЕРА
Идентификатор записи (NLR Aleph) 008771154
100 ## - ДАННЫЕ ОБЩЕЙ ОБРАБОТКИ
Данные общей обработки 20041126d1982 |||y0rusy50 ca
101 0# - ЯЗЫК РЕСУРСА
Язык текста, звукозаписи и т.д. русский
102 ## - СТРАНА ПУБЛИКАЦИИ ИЛИ ПРОИЗВОДСТВА
Страна публикации российская федерация
105 ## - ПОЛЕ КОДИРОВАННЫХ ДАННЫХ: ТЕКСТОВЫЕ МАТЕРИАЛЫ, МОНОГРАФИЧЕСКИЕ
Кодированные данные о монографическом текстовом документе a z||||||||
200 1# - ЗАГЛАВИЕ И СВЕДЕНИЯ ОБ ОТВЕТСТВЕННОСТИ
Основное заглавие Автоматизированная информационно-измерительная система учета и контроля электроэнергии ИИСЭ1-48
Сведения, относящиеся к заглавию техническое описание АСУ3.031.000 ТО
Первые сведения об ответственности М-во энергетики и электрификации СССР и др.
210 ## - ПУБЛИКАЦИЯ, РАСПРОСТРАНЕНИЕ И ДР.
Место издания, распространения и т.д. Вильнюс
Имя издателя, распространителя и т. д. Экспериментальное художественно-конструкторское бюро
Дата издания, распространения и т.д. 1982
215 ## - ФИЗИЧЕСКАЯ ХАРАКТЕРИСТИКА
Специфическое обозначение материала и объем 71 с.
Другие сведения о физической характеристике ил.
Размеры 20
300 ## - ОБЩИЕ ПРИМЕЧАНИЯ
Текст примечания В надзаг. также: Главниипроект, М-во приборостроения, средств автоматизации и систем упр. СССР, Белорус. фил. Всесоюз. н.-и. энерг. ин-та им. Г.М. Кржижановского, Вильнюс. з-д электроизмер. техники
606 1# - НАИМЕНОВАНИЕ ТЕМЫ КАК ПРЕДМЕТ
Наименование темы Электрическая энергия
Тематический подзаголовок Измерение
Системный номер авторитетной/нормативной записи 1984687
Идентификатор авторитетной/нормативной записи RU\NLR\AUTH\661196496
606 1# - НАИМЕНОВАНИЕ ТЕМЫ КАК ПРЕДМЕТ
Наименование темы Электроизмерительные приборы автоматические
Системный номер авторитетной/нормативной записи 2152355
Идентификатор авторитетной/нормативной записи RU\NLR\AUTH\661296059
686 0# - ИНДЕКСЫ ДРУГИХ КЛАССИФИКАЦИЙ
Индекс З280.7-5-082.01я82
Код системы
711 02 - НАИМЕНОВАНИЕ ОРГАНИЗАЦИИ - АЛЬТЕРНАТИВНАЯ ОТВЕТСТВЕННОСТЬ
Начальный элемент ввода Вильнюсский завод электроизмерительной техники
Идентификатор авторитетной/нормативной записи RU\NLR\AUTH\8810125153
Системный номер авторитетной/нормативной записи 747770
712 01 - НАИМЕНОВАНИЕ ОРГАНИЗАЦИИ - ВТОРИЧНАЯ ОТВЕТСТВЕННОСТЬ
Код отношения Прочие
Начальный элемент ввода СССР
Структурное подразделение Министерство энергетики и электрификации
-- Главное управление научно-исследовательских и проектных организаций
Идентификатор авторитетной/нормативной записи RU\NLR\AUTH\8810145742
Системный номер авторитетной/нормативной записи 785803
712 01 - НАИМЕНОВАНИЕ ОРГАНИЗАЦИИ - ВТОРИЧНАЯ ОТВЕТСТВЕННОСТЬ
Код отношения Прочие
Начальный элемент ввода СССР
Структурное подразделение Министерство приборостроения, средств автоматизации и систем управления
Идентификатор авторитетной/нормативной записи RU\NLR\AUTH\8810065595
Системный номер авторитетной/нормативной записи 632788
801 #0 - ИСТОЧНИК ЗАПИСИ
Страна российская федерация
Организация NLR
Правила каталогизации psbo
801 #1 - ИСТОЧНИК ЗАПИСИ
Страна российская федерация
Организация ELAR
Источник данных rusmarc
801 #2 - ИСТОЧНИК ЗАПИСИ
Страна российская федерация
Организация NLR
Дата составления 20111212
Источник данных rusmarc
852 ## - МЕСТОНАХОЖДЕНИЕ И ШИФР ХРАНЕНИЯ
Идентификатор организации NLR
Шифр хранения (Call Number) 83-4/13949
942 ## - ДОПОЛНИТЕЛЬНЫЕ ЭЛЕМЕНТЫ ЗАПИСИ (АБИС)
Тип экземпляра АБИС Книга
980 ## - КОЛЛЕКЦИЯ
Название коллекции Национальная библиография
Экземпляры
Тип экземпляра Дата поступления Библиотека постоянного хранения Библиотека текущего хранения Место хранения Шифр хранения Штрих-код Статус не для выдачи
Книга 26.10.2013 РНБ (Московский) РНБ (Московский) Русский книжный фонд: издания с 1957 года, 9этаж 83-4/13949 8771154-10